| 000 | 00680nam a2200241 a 4500 | ||
|---|---|---|---|
| 008 | |||
| 020 | _a9788131303474 (hbk.) | ||
| 049 | _aMAIN | ||
| 090 |
_aTJ808.7 _bGHO |
||
| 100 | _aGhosh, G.K. | ||
| 245 | 1 | 0 |
_aSolar energy : _bthe infinite source / _cG.K. Gosh. |
| 260 |
_aNew Delhi : _bAPH., _c2010. |
||
| 300 |
_avii, 121 p. : _bill.; _c23 cm. |
||
| 500 | _aIncludes bibliographical references. | ||
| 500 | _aIncludes index. | ||
| 650 | 0 | _aEnergy conservation. | |
| 650 | 0 | _aSolar energy. | |
| 907 |
_a.b10323296 _b16-01-13 _c19-11-12 |
||
| 003 | |||
| 005 | 20230123125506.0 | ||
| 040 | _cNUST | ||
| 942 |
_cBOOKS _kTJ808.7 _mGHO |
||
| 999 |
_c142454 _d142454 |
||